000 00463nam a2200181Ia 4500
005 20231117102741.0
008 131103s9999 xx 000 0 und d
040 _aLoreto College
041 _aEnglish
082 _aF
_bTHO
100 _aThomas,Dylan
245 _aPortrait of the artist as a young dog
_cDylan Thomas
260 _aLondon
_bJ.M.Dent & Sons Ltd.
_c1965
300 _a128 p.
650 _aFiction in English
850 _aLCLIB
942 _cBK
999 _c14422
_d64901